000 00353nam a2200157Ia 4500
003 Ost
005 20260225132537.0
008 260225s9999||||xx |||||||||||||| ||und||
040 _cfsic
041 _afre
082 _a341.6
100 _aCharles zogribe
_eAuteur
245 0 _aLe droit d'ingérence /
245 0 _cCharles zogribe
942 _cكتاب
999 _c33281
_d33281